Si Ud. es Católico

Síntesis: La Confederación de Padres de Familia Católicos de Aguascalientes, invita a todos los padres de familia a que no manden a sus hijos a la escuela y se pongan en huelga escolar

Gespeichert in:
Bibliographische Detailangaben
Körperschaft: Confederación de Padres de Familia
Format: Buch
Schlagworte:
Tags: Tag hinzufügen
Keine Tags, Fügen Sie das erste Tag hinzu!

MARC

LEADER 00000nam^a2200000^a^4500
001 000250881
005 20250526000000.0
009 20260310105831.028
035 |a R01885 
037 |a Acervo Xavier Clavigero 
082 |a 7.  |b CON 
110 |a Confederación de Padres de Familia 
245 1 0 |a Si Ud. es Católico 
264 |a Aguascalientes :  |b Destinatario: Padres de Familia 
300 |a 1 foja, impreso copia, 16.5x23cms. 
336 |a texto  |b txt  |2 rdacontenido 
337 |a sin mediación  |b n  |2 rdamedio 
338 |a volumen  |b nc  |2 rdasoporte 
520 |a Síntesis: La Confederación de Padres de Familia Católicos de Aguascalientes, invita a todos los padres de familia a que no manden a sus hijos a la escuela y se pongan en huelga escolar 
598 |a Volante 
598 |a En la biblioteca del ILFC, Guadalajara, Jal. 
649 |a XX 
650 |a Educación -  |z México 
650 |a Educación y Estado 
650 |a Huelgas y Paros 
910 |a Fondo Jesús Gómez Fregoso S.J. FXC 
920 |a Impresos - Documentos 
930 |a Libros Antiguos y Raros 
940 |a Guerra Cristera 
905 |a 110 
901 |a R01885  |b IT2  |c LRA  |i R01885  |u 20250526 
902 |a https://opac.biblio.iteso.mx/vufind/Record/000250881